000 01427nam a2200289Ia 4500
005 20220317001123.0
008 160825s2001 ck a g 000 0 spa
020 _a97895820036012
082 0 4 _a398.26
_bT63r
100 1 _aTriana Nova, Betty María
245 1 0 _aRaíces, mitos, relatos y leyendas
_cBety María Triana Nova, Néstor Rafael Mendoza ; ilustraciones Luis Aurelio Durán
250 _a1a. edición
300 _a112 páginas
_bilustraciones en blanco y negro
_c19 cm
490 _aMontaña mágica
505 _aLos Desana - Los U´ wa -- Los Múrai - Muinane -- Los Wayúu -- Los Emberá -- Los Ufaina -- Los Yucuna-Matapí -- Los Barí -- Los Guahibos y los Piapoco -- El Kaliawirinae -- Kuemainu -- Tsikiriri -- Kajuyali -- Kekereto -- Juameto
650 1 4 _2LEMB
_aMitología Indígena
_zColombia
650 1 4 _2LEMB
_aLeyendas colombianas
700 1 _aMendoza, Néstor Rafael
_966375
700 1 _aDurán, Luis Aurelio
_966376
740 4 2 _aLos Desana
_aLos U´ wa
_aLos Múrai - Muinane
_aLos Emberá
_aLos Wayúu
_aLos Ufaina
_aLos Yucuna-Matapí
_aLos Barí
_aLos Guahibos y los Piapoco
_aEl Kaliawirinae
_aKuemainu
_aTsikiriri
_aKekereto
_aJuameto
_aEeri-Keeri
942 _2ddc
_cBK
264 _aBogotá
_bMagisterio
_c2001
336 _atexto
_btxt
_2rdacontent
337 _asin mediación
_bn
_2rdamedia
338 _avolumen
_bnc
_2rdacarrier
040 _aCO-BoRNBP
_bspa
_erda
_cCO-BoRNBP
999 _c5982
_d5982